Pokemon - Glace - Statistiques

Statistiques générales
  • Ce quiz a été pris 17 fois
  • Le résultat moyen est 14 sur 20
Statistiques - réponses
Questions frigorifiantes ! Glaaa Glaaa % Correct
Oiseau légendaire de Glace Artikodin
100%
Seul pokemon spectre-glace Momartik
94%
Attaque pouvant toucher tous les adversaires et pouvant geler Blizzard
88%
Permet d'avoir un motisma de type glace Frigo
82%
Bébé pokemon de type glace Lippouti
82%
Talent qui permet de faire tomber la neige Alerte Neige
76%
Attaque prioritaire Eclats Glace
76%
Objet augmentant les attaques de type glace Glace Eternelle
76%
Attaque permet de faire tomber la neige Grêle
76%
Permet de faire évoluer Farfuret Griffe Rasoir
76%
J'ai une canne M.Glaquette
76%
Je monte sur un cheval et je prends ce type Sylveroy
76%
Larve de glaçe Frissonille
71%
Membre du conseil 4 de Kanto Olga
71%
Ville de Gladys Frimapic
59%
Fléau de ce type Baojian
47%
Talent convertissant les attaques normal en attaque glace Peau Gelée
47%
Gagne le type roche dans une certaine région Séracrawl d'Hisui
41%
Pierre qui permettait d'obtenir un Givrali Pierre Gelée
29%
Forme de Morphéo Blizzard
24%
Aucun quiz correspondant
Distribution des résultats
% des personnes avec chaque résultat
Percentile par nombre de réponses
Votre historique - résultats
Vous n’avez pas pris ce quiz